000 00699nas a2200241 4500
001 BR0003346
003 BR-BrBNA
005 20231205101934.0
007 ta
008 230509b bl.|||p| |||| 00| 00por d
040 _aBR-BrBNA
_bpor
_cBiblioteca Nacional de Agricultura
041 _a(Pt)
072 _aL50
100 1 _aKlein, V.L.M.
245 1 _aIdentificacao de linhagens de Artemia sp. no Nordeste do Brasil
650 _aArtemia
650 _aBioquimica Animal
650 _aEletroforese
650 _aNordeste
773 0 _tCiencia Agronomica (Brazil)
_xISSN 0045-6888
_g(1996), v. 27(1-2) p. 17-22
_wBR0003346
909 _a202311
_bLúcia
_c55
_dLúcia Elande
942 _2AGRIS
_n0
_cANA
999 _c164824
_d164824